Domino fórum kritický týždenník

Bibliographic Details
Previous Title:Domino efekt
Other Authors: Hríb, Štefan, 1965- (Publishing director), Šimečka, Martin M., 1957- (Publishing director), Kotian, Róbert, 1958- (Publishing director)
Format: Newspaper
Language:Slovak
PhysicalDescription:11 zv. ilustr. 28 cm
Published: Bratislava VMV 1997-2007
Bratislava Grand Press Petit Press
Bratislava Petit Press
Bratislava Domino press
ISSN:1335-4426
1337-1819
Subjects:

MARC

LEADER 00000cas a2200000 a 4500
001 vtls001465930
003 SK-MaSNL
005 20260228160708.0
008 140526d19972007xo wr|ne 0 0b0slo
022 |a 1335-4426 
035 |a SNK000421235 
035 |a (SVKBB03)vtls000038672 
040 |a SNK  |b slo  |c SNK  |e AACR2 
041 0 |a slo 
044 |a xo  |c SK 
072 7 |a 316.7  |x Sociológia kultúry. Kultúrny život  |2 konspekt 
072 7 |a 316.3  |x Globálne spoločnosti. Sociálna štruktúra. Sociálne skupiny  |2 konspekt 
072 7 |a 32  |x Politika  |2 konspekt 
080 |a 050  |2 2001 
080 |a 316.7  |2 2001 
080 |a 316.3  |2 2001 
080 |a 32  |2 2001 
084 |a MIČ 49 197  |2 mksr 
084 |a Index 48271  |2 mksr 
210 0 |a Domino fórum  |b (Tlač. vyd.) 
222 0 |a Domino fórum  |b (Tlačené vydanie) 
245 0 0 |a Domino fórum  |b kritický týždenník 
260 |a Bratislava  |b VMV  |c 1997-2007 
260 2 |3 28/2000-26/2001  |a Bratislava  |b Grand Press  |b Petit Press 
260 2 |3 27/2001-5/2003  |a Bratislava  |b Petit Press 
260 3 |3 6/2003-3-4/2007  |a Bratislava  |b Domino press 
300 |a 11 zv.  |b ilustr.  |c 28 cm 
310 |a 1x týždenne 
362 0 |a Roč. 6, č. 31 (1997)-roč. 16, č. 3/4 (2007) 
500 |a Reg. č.: MK SR 706/92 
500 |a Šéfredaktor: Martin M. Šimečka; 9/1999-2003, Štefan Hríb; 2004-4/2007 Róbert Kotian 
500 |a Č. 3-26/2002 majú podnázov: kritický týždenník pre politiku, rozhovory, civilizáciu a kultúru 
580 |a Od č. 5/2007 návrat k pôvodnému názvu Domino efekt 
650 0 7 |a politika  |2 SNKPH  |9 968 
650 0 7 |a spoločnosť  |2 SNKPH  |9 1013 
650 0 7 |a kultúra  |2 SNKPH  |9 886 
655 7 |a spoločenské časopisy  |2 SNKPH  |9 70515 
700 1 |a Hríb, Štefan,  |d 1965-  |4 pbd 
700 1 |a Šimečka, Martin M.,  |d 1957-  |4 pbd  |9 21215 
700 1 |a Kotian, Róbert,  |d 1958-  |4 pbd  |9 103440 
780 0 8 |t Domino efekt  |x 1337-1819  |w vtls008948343 
910 |a snk 
916 |a 1997-2007 
958 |a OND 
999 |c 3391  |d 5321 
952 |0 0  |1 0  |4 0  |7 0  |a SNK  |b SNK  |d 2002-05-22  |i snkČSP 715/99  |l 0  |o snkČSA 1274/7/1998 D1  |p 17A0293112  |r 2005-01-02 00:00:00  |t č. 1-52  |w 2026-02-21  |y PREZ 
952 |0 0  |1 0  |4 0  |7 0  |a SNK  |b SNK  |d 2003-10-24  |i snkČSP 41/2002  |l 0  |o snkČSA 1274/9/2000 D1  |p 17A0400633  |r 2005-01-02 00:00:00  |t č. 1-52  |w 2026-02-21  |y PREZ 
952 |0 0  |1 0  |4 0  |7 0  |a SNK  |b SNK  |d 2003-10-24  |f 1  |i snkČSP 40/2002  |l 0  |o snkČSA 1274/9/2000  |p 17A0400444  |r 2005-01-02 00:00:00  |t č. 1-52  |w 2026-02-21  |y PREZ 
952 |0 0  |1 0  |4 0  |7 0  |a SNK  |b SNK  |d 2004-11-19  |f 1  |i snkČSP 507/2004  |l 0  |o snkČSA 1274/11/2002  |p 17A0452615  |r 2005-01-02 00:00:00  |t č. 1-52  |w 2026-02-21  |y PREZ 
952 |0 0  |1 0  |4 0  |7 0  |8 0  |a SNK  |b SNK  |d 2011-03-16  |f 1  |i snk2011/5988  |l 0  |o snkČSA 1274/14/2005/1  |p 17A0679011  |r 2026-02-21 19:56:43  |t č. 1-26  |w 2026-02-21  |y PREZ 
952 |0 0  |1 0  |4 0  |7 0  |8 0  |a SNK  |b SNK  |d 2011-03-16  |i snk2011/5990  |l 0  |o snkČSA 1274/14/2005/1 D1  |p 17A0679013  |r 2026-02-21 19:56:43  |t č. 1-26  |w 2026-02-21  |y PREZ 
952 |0 0  |1 0  |4 0  |7 0  |8 0  |a SNK  |b SNK  |d 2011-03-16  |f 1  |i snk2011/5992  |l 0  |o snkČSA 1274/14/2005/2  |p 17A0679012  |r 2026-02-21 19:56:43  |t č. 27-52  |w 2026-02-21  |y PREZ 
952 |0 0  |1 0  |4 0  |7 0  |8 0  |a SNK  |b SNK  |d 2011-03-16  |i snk2011/5993  |l 0  |o snkČSA 1274/14/2005/2 D1  |p 17A0679014  |r 2026-02-21 19:56:43  |t č. 27-52  |w 2026-02-21  |y PREZ 
952 |0 0  |1 0  |4 0  |7 0  |8 0  |a SNK  |b SNK  |d 2011-03-16  |f 1  |i snk2011/5994  |l 0  |o snkČSA 1274/15/2006/1  |p 17A0679015  |r 2026-02-21 19:56:43  |t č. 1-26  |w 2026-02-21  |y PREZ 
952 |0 0  |1 0  |4 0  |7 0  |8 0  |a SNK  |b SNK  |d 2011-03-16  |i snk2011/5995  |l 0  |o snkČSA 1274/15/2006/1 D1  |p 17A0679017  |r 2026-02-21 19:56:43  |t č. 1-26  |w 2026-02-21  |y PREZ 
952 |0 0  |1 0  |4 0  |7 0  |8 0  |a SNK  |b SNK  |d 2011-03-16  |f 1  |i snk2011/5996  |l 0  |o snkČSA 1274/15/2006/2  |p 17A0679016  |r 2026-02-21 19:56:43  |t č. 27-52  |w 2026-02-21  |y PREZ 
952 |0 0  |1 0  |4 0  |7 0  |8 0  |a SNK  |b SNK  |d 2011-03-16  |i snk2011/5997  |l 0  |o snkČSA 1274/15/2006/2 D1  |p 17A0679018  |r 2026-02-21 19:56:43  |t č. 27-52  |w 2026-02-21  |y PREZ 
952 |0 0  |1 0  |4 0  |7 0  |8 0  |a SNK  |b SNK  |d 2011-03-16  |f 1  |i snk2011/5998  |l 0  |o snkČSA 1274/16/2007  |p 17A0679019  |r 2026-02-21 19:56:43  |t č. 1-4  |w 2026-02-21  |y PREZ  |z Od č. 5 zmena na Domino efekt. 
952 |0 0  |1 0  |4 0  |7 0  |8 0  |a SNK  |b SNK  |d 2011-03-16  |i snk2011/5999  |l 0  |o snkČSA 1274/16/2007 D1  |p 17A0679020  |r 2026-02-21 19:56:43  |t č. 1-4  |w 2026-02-21  |y PREZ  |z Od č. 5 zmena na Domino efekt. 
952 |0 0  |1 0  |4 0  |7 0  |a SNK  |b SNK  |d 2003-11-04  |f 1  |i snkČSP 36/2002  |l 0  |o snkČSA 1274/10/2001  |p 17A0402198  |r 2005-01-02 00:00:00  |t č. 1-52  |w 2026-02-21  |y PREZ 
952 |0 0  |1 0  |4 0  |7 0  |8 0  |a SNK  |b SNK  |d 2006-06-26  |f 1  |i snk2006/12805  |l 0  |o snkČSA 1274/12/2003  |p 17A0446320  |r 2026-02-21 20:12:53  |t č. 1-53, neúplné  |w 2026-02-21  |y PREZ  |z Chýba č. 26,27 
952 |0 0  |1 0  |4 0  |7 0  |8 0  |a SNK  |b SNK  |d 2006-06-26  |i snk2006/12807  |l 0  |o snkČSA 1274/12/2003 D1  |p 17A1348481  |r 2026-02-21 20:12:53  |t č. 1-53, neúplné  |w 2026-02-21  |y PREZ  |z Chýba č. 26, 29-38 
952 |0 0  |1 0  |4 0  |7 0  |8 0  |a SNK  |b SNK  |d 2006-06-26  |f 1  |i snk2006/12822  |l 0  |o snkČSA 1274/13/2004  |p 17A0446322  |r 2026-02-21 20:12:53  |t č. 1-52  |w 2026-02-21  |y PREZ 
952 |0 0  |1 0  |4 0  |7 0  |8 0  |a SNK  |b SNK  |d 2006-06-26  |i snk2006/12823  |l 0  |o snkČSA 1274/13/2004 D1  |p 17A0446323  |r 2026-02-21 20:12:53  |t č. 1-52  |w 2026-02-21  |y PREZ 
952 |0 0  |1 0  |4 0  |7 0  |a SNK  |b SNK  |d 2005-12-09  |i snkČSP 508/2004  |l 0  |o snkČSA 1274/11/2002 D1  |p 17A0492550  |r 2026-02-21 20:58:05  |t č. 1-52  |w 2026-02-21  |y PREZ 
952 |0 0  |1 0  |4 0  |7 0  |a SNK  |b SNK  |d 2004-06-03  |f 1  |i snkČSP 714/99  |l 0  |o snkČSA 1274/7/1998  |p 17A0430484  |r 2005-01-02 00:00:00  |t č. 1-52  |w 2026-02-21  |y PREZ 
952 |0 0  |1 0  |4 0  |7 0  |a SNK  |b SNK  |d 2004-06-03  |f 1  |i snkČSP 38/2002  |l 0  |o snkČSA 1274/8/1999  |p 17A0430465  |r 2005-01-02 00:00:00  |t č. 1-52  |w 2026-02-21  |y PREZ 
952 |0 0  |1 0  |4 0  |7 0  |a SNK  |b SNK  |d 2004-06-03  |i snkČSP 39/2002  |l 0  |o snkČSA 1274/8/1999 D1  |p 17A0430524  |r 2005-01-02 00:00:00  |w 2026-02-21  |y PREZ 
952 |0 0  |1 0  |4 0  |7 0  |a SNK  |b SNK  |d 2004-06-03  |i snkČSP 37/2002  |l 0  |o snkČSA 1274/10/2001 D1  |p 17A0430540  |r 2005-01-02 00:00:00  |w 2026-02-21  |y PREZ